000 00809nam a22001937a 4500
003 OSt
005 20240611114558.0
008 240611b ||||| |||| 00| 0 eng d
040 _cAIMIT LIBRARY
100 _aCrasta, Franklin Sandeep.
_e2116053
_9170035
245 _aStudy on employees savings and investment patterns with special reference to mescom Mangalore /
_cBy Franklin Sandeep Crasta ; Guided by Divya Pereira.
260 _aMangalore ;
_c2023.
650 _aIndustry profile company profile and introduction to study
_9170036
650 _aLiterature review
_9170037
650 _aResearch methodology
_9170038
700 _aPereira, Divya.
_eGuide
_9170039
856 _3Mangalore Electricity Supply Company Limited
_uwww.mescom.karnataka.gov.in
_ywww.mescom.karnataka.gov.in
942 _2ddc
_cPRO
999 _c231117
_d231117